| 000 | 00732nam a2200181 a 4500 | ||
|---|---|---|---|
| 005 | 20240511063740.0 | ||
| 008 | 991125s1954 mx 000 0 spa u | ||
| 035 | _aUPN01000039063 | ||
| 049 | _aLT | ||
| 050 | 4 |
_aLB1577 M6 _bC8.4 1954 |
|
| 100 | 1 |
_aCuervo Martínez, Francisco _942027 |
|
| 245 | 1 | 0 |
_aMéxico : _bel libro nacional de lectura y escritura : método fonogenográfico, onomatopéyico, simultáneo y analítico-sintético : palabras y frases normales _bmétodo fonogenográfico, onomatopéyico, simultáneo y analítico-sintético : palabra |
| 260 |
_aMéxico : _bPatria, _c1954 |
||
| 300 |
_a108 p. : _bil., col. |
||
| 650 | 4 |
_aEspañol _xEstudio y enseñanza (Elemental) _92806 |
|
| 904 |
_aAC _b039065 |
||
| 905 | _aLibro | ||
| 999 |
_c39063 _d39063 |
||